[Event "Titled Tuesday intern op 08th Aug Late"]
[Site "Chess.com INT"]
[Date "2023.08.08"]
[Round "6"]
[White "Jimenez Martinez, Jose Vicente"]
[Black "Sam, Gabriel"]
[Result "0-1"]
[WhiteElo "2178"]
[BlackElo "2276"]
[PlyCount "160"]
[EventDate "2023.08.08"]
[EventType "swiss (blitz)"]
[EventRounds "11"]
[EventCountry "USA"]
[SourceTitle "EXT 2024"]
[Source "ChessBase"]
[SourceDate "2023.10.10"]
[SourceVersion "1"]
[SourceVersionDate "2023.10.10"]
[SourceQuality "1"]

1. d4 Nf6 2. c4 e6 3. Nc3 Bb4 4. Qc2 0-0 5. a3 Bxc3+ 6. Qxc3 b5 7. cxb5 c6 8. e3 cxb5 9. Bxb5 Bb7 10. Nf3 Ne4 11. Qc2 Qa5+ 12. Bd2 Qxb5 13. a4 Qa6 14. b4 Rc8 15. Qb3 Bd5 16. Qb1 Qc4 17. Ne5 Qc2 18. Qxc2 Rxc2 19. Rd1 Bb3 20. Rc1 Rxc1+ 21. Bxc1 Bxa4 22. f3 Nf6 23. Bd2 Nc6 24. Nd3 Bb5 25. Nc5 d6 26. Nb7 Ne8 27. Kf2 Rb8 28. Na5 Nxa5 29. bxa5 Bc4 30. Rc1 d5 31. Bc3 Nd6 32. g4 Rb3 33. h4 Nb5 34. Be1 Rb2+ 35. Kg3 h6 36. e4 Nxd4 37. Ra1 Ne2+ 38. Kh3 g5 39. hxg5 hxg5 40. Bf2 dxe4 41. fxe4 Nf4+ 42. Kg3 Rb3+ 43. Kh2 Rh3+ 44. Kg1 Bd3 45. Bxa7 Bxe4 46. Ra4 Bd5 47. Bb6 Nd3 48. Kf1 Rh1+ 49. Ke2 Nf4+ 50. Kd2 Rb1 51. Bd4 Kh7 52. a6 Rb8 53. a7 Ra8 54. Be5 Kg6 55. Bb8 Bf3 56. Ke3 Bxg4 57. Ke4 Bh3 58. Bxf4 gxf4 59. Kxf4 Kf6 60. Ra3 Bf5 61. Ra5 Ke7 62. Ke5 f6+ 63. Kf4 Kd6 64. Ra6+ Kd7 65. Ra3 Kc7 66. Rg3 Rxa7 67. Rg7+ Kb6 68. Rg8 Ra4+ 69. Kf3 Kc6 70. Rf8 Be4+ 71. Kf4 Bd5+ 72. Ke3 f5 73. Rd8 Kc7 74. Rf8 Kd6 75. Rb8 Ke5 76. Rb2 Ra3+ 77. Kf2 Ra2 78. Ke3 Rxb2 79. Kd3 Rb3+ 80. Ke2 Rf3 0-1

[Event "Titled Tuesday intern op 27th Sep Late"]
[Site "Chess.com INT"]
[Date "2022.09.27"]
[Round "1"]
[White "Milikow, Yoav"]
[Black "Sam, Gabriel"]
[Result "1-0"]
[WhiteElo "2422"]
[BlackElo "2276"]
[PlyCount "147"]
[EventDate "2022.09.27"]
[EventType "swiss (blitz)"]
[EventRounds "11"]
[EventCountry "USA"]
[SourceTitle "CBM 210 Extra"]
[Source "ChessBase"]
[SourceDate "2022.11.30"]
[SourceVersion "1"]
[SourceVersionDate "2022.11.30"]
[SourceQuality "1"]

1. d4 Nf6 2. c4 e6 3. Nc3 Bb4 4. Qc2 0-0 5. e4 d5 6. e5 Ne4 7. Bd3 c5 8. Nf3 cxd4 9. Nxd4 Nd7 10. Bf4 Ndc5 11. 0-0 Nxd3 12. Qxd3 Nxc3 13. bxc3 Be7 14. Rfd1 Qa5 15. Qg3 Rd8 16. Bg5 Bxg5 17. Qxg5 h6 18. Nb3 Qc7 19. Qf4 dxc4 20. Rxd8+ Qxd8 21. Qxc4 Bd7 22. Rd1 Qe8 23. Nc5 Bc6 24. Rd6 Bd5 25. Qb4 Rc8 26. Nd7 Rc4 27. Qb5 Qc8 28. h3 Rxc3 29. Qb4 Rc1+ 30. Kh2 Qc2 31. Qg4 Qg6 32. Qxg6 fxg6 33. Nb8 Rc8 34. Nd7 Kf7 35. Kg3 Ke7 36. a4 Rc3+ 37. f3 Rc8 38. a5 Rd8 39. Nf6 Rxd6 40. Ng8+ Kf7 41. exd6 Bc6 42. Ne7 e5 43. a6 bxa6 44. Nxc6 Ke6 45. d7 Kxd7 46. Nxe5+ Ke6 47. Kf4 a5 48. Ke4 a4 49. Nc4 Kf6 50. f4 Ke6 51. g4 Kf6 52. h4 Ke6 53. g5 h5 54. Na3 a6 55. Nc4 Kd7 56. Kd5 Ke7 57. Ke5 Kd7 58. Kd5 Kc7 59. Ke6 Kc6 60. Kf7 Kc5 61. Na3 Kb4 62. Nb1 a3 63. Nxa3 Kxa3 64. Kxg6 a5 65. f5 a4 66. f6 gxf6 67. gxf6 Kb2 68. f7 a3 69. f8Q a2 70. Qf6+ Kb1 71. Kxh5 a1Q 72. Qf1+ Ka2 73. Qxa1+ Kxa1 74. Kg6 1-0

[Event "Titled Tuesday intern op 27th Sep Late"]
[Site "Chess.com INT"]
[Date "2022.09.27"]
[Round "3"]
[White "Yurovskich, Oleksandr"]
[Black "Sam, Gabriel"]
[Result "1/2-1/2"]
[WhiteElo "2328"]
[BlackElo "2276"]
[PlyCount "186"]
[EventDate "2022.09.27"]
[EventType "swiss (blitz)"]
[EventRounds "11"]
[EventCountry "USA"]
[SourceTitle "CBM 210 Extra"]
[Source "ChessBase"]
[SourceDate "2022.11.30"]
[SourceVersion "1"]
[SourceVersionDate "2022.11.30"]
[SourceQuality "1"]

1. d4 Nf6 2. Nf3 e6 3. Bf4 c5 4. c3 Nc6 5. e3 a6 6. Nbd2 d5 7. Bd3 Bd6 8. Bg3 0-0 9. Qe2 Qe7 10. Ne5 Nd7 11. Nxd7 Bxd7 12. Bxd6 Qxd6 13. dxc5 Qxc5 14. Bxh7+ Kxh7 15. Qh5+ Kg8 16. Ne4 g6 17. Nxc5 gxh5 18. Nxd7 Rfc8 19. Nb6 Rd8 20. Nxa8 Rxa8 21. Ke2 b5 22. Rac1 Rb8 23. Rhd1 a5 24. h4 Ne5 25. b3 a4 26. Rd4 axb3 27. axb3 Ra8 28. Rc2 Nc6 29. Rd1 Ra3 30. Rb1 Na5 31. Rcb2 Kg7 32. Kd3 Kf6 33. Kd4 Nb7 34. f3 Ke7 35. g4 Kd6 36. Kd3 Nc5+ 37. Kc2 Ra8 38. Rg1 Rh8 39. g5 Nd7 40. Ra2 Ne5 41. f4 Ng4 42. Kd2 Rb8 43. b4 Nf2 44. Ra7 Rc8 45. Rc1 Ne4+ 46. Kd3 Nf2+ 47. Ke2 Ne4 48. Ra3 e5 49. fxe5+ Kxe5 50. Rc2 Kf5 51. Kd3 Kg4 52. Ra7 Kxh4 53. Rxf7 Kxg5 54. Rf4 h4 55. Rg2+ Ng3 56. Rd4 Rd8 57. Rh2 Nf5 58. Rf4 Re8 59. Rg2+ Kf6 60. Rgf2 Ke5 61. Kd2 Nd6 62. Kd3 Ne4 63. Rg2 Rc8 64. Rc2 h3 65. Rh4 Ng5 66. Rh5 Kf5 67. Rf2+ Kg6 68. Rh4 Rc4 69. Rxc4 bxc4+ 70. Kd4 h2 71. Rf1 Nf3+ 72. Rxf3 h1Q 73. Rf4 Qd1+ 74. Kc5 Qd2 75. Rd4 Qxc3 76. Kxd5 Qxe3 77. Kxc4 Kf5 78. Rd5+ Ke6 79. Rc5 Qc1+ 80. Kb5 Qf1+ 81. Kb6 Kd6 82. Rc6+ Kd7 83. Rc5 Qf4 84. Kb5 Qd4 85. Ka5 Kd6 86. Kb5 Qd3+ 87. Ka5 Qa3+ 88. Kb5 Qd3+ 89. Ka5 Kd7 90. Kb6 Qb3 91. Kb5 Kd6 92. Ka5 Qa3+ 93. Kb5 Qd3+ 1/2-1/2

[Event "Titled Tuesday intern op 7th July"]
[Site "Chess.com INT"]
[Date "2020.07.07"]
[Round "3"]
[White "Tanenbaum, Zachary Chen"]
[Black "Sam, Gabriel"]
[Result "1-0"]
[WhiteElo "2137"]
[BlackElo "2295"]
[PlyCount "67"]
[EventDate "2020.07.07"]
[EventType "swiss (blitz)"]
[EventRounds "10"]
[EventCountry "USA"]
[SourceTitle "CBM 197 Extra"]
[Source "ChessBase"]
[SourceDate "2020.09.30"]
[SourceVersion "1"]
[SourceVersionDate "2020.09.30"]
[SourceQuality "1"]

1. e4 c5 2. Nf3 e6 3. d4 cxd4 4. Nxd4 Nc6 5. Nc3 Qc7 6. g3 a6 7. Bg2 Nf6 8. 0-0 Be7 9. Re1 0-0 10. Nxc6 dxc6 11. e5 Rd8 12. Qf3 Nd5 13. Nxd5 cxd5 14. c3 b5 15. Be3 Bb7 16. Bd4 Rab8 17. b4 a5 18. a3 Bc6 19. h4 Ra8 20. h5 h6 21. Qg4 Ra6 22. Bf1 Rda8 23. Rad1 axb4 24. axb4 Ra2 25. Bd3 Bd7 26. Re3 Ra1 27. Rxa1 Rxa1+ 28. Kg2 Rc1 29. Rf3 Be8 30. Be3 Kh8 31. Bxc1 Qxc3 32. Bxb5 Qxc1 33. Bxe8 Qc4 34. Qxc4 1-0

[Event "Wch U14"]
[Site "Khanty-Mansiysk"]
[Date "2016.09.25"]
[Round "4"]
[White "Sam, Gabriel"]
[Black "Shevchenko, Kirill"]
[Result "1/2-1/2"]
[WhiteElo "2069"]
[BlackElo "2438"]
[PlyCount "54"]
[EventDate "2016.09.22"]
[EventType "swiss"]
[EventRounds "11"]
[EventCountry "RUS"]
[SourceTitle "EXT 2017"]
[Source "ChessBase"]
[SourceDate "2016.10.25"]
[SourceVersion "1"]
[SourceVersionDate "2016.10.25"]
[SourceQuality "1"]

1. e4 c5 2. Nf3 d6 3. d4 cxd4 4. Nxd4 Nf6 5. Nc3 a6 6. Be3 e5 7. Nb3 Be6 8. f3 h5 9. Qd2 Nbd7 10. 0-0-0 Be7 11. Kb1 b5 12. g3 Nb6 13. Na5 Qc7 14. Bxb6 Qxb6 15. Nd5 Bxd5 16. exd5 Rc8 17. Nc6 Nxd5 18. Nxe7 Nxe7 19. Qxd6 Qxd6 20. Rxd6 Rc6 21. Rxc6 Nxc6 22. Bd3 Kd7 23. c3 Re8 24. Kc2 g6 25. a4 Rb8 26. g4 hxg4 27. fxg4 Ne7 1/2-1/2

[Event "Pacific Southwest op"]
[Site "Irvine"]
[Date "2015.07.05"]
[Round "5"]
[White "Sam, Gabriel"]
[Black "Hughes, Austin"]
[Result "1-0"]
[WhiteElo "1985"]
[BlackElo "2015"]
[PlyCount "127"]
[EventDate "2015.07.03"]
[EventType "swiss"]
[EventRounds "6"]
[EventCountry "USA"]
[SourceTitle "EXT 2018"]
[Source "ChessBase"]
[SourceDate "2017.10.13"]
[SourceVersion "1"]
[SourceVersionDate "2017.10.13"]
[SourceQuality "1"]

1. e4 c5 2. Nf3 d6 3. d4 cxd4 4. Nxd4 Nf6 5. Nc3 g6 6. Be3 Bg7 7. f3 Nc6 8. Bc4 Bd7 9. Qd2 0-0 10. g4 Rc8 11. Bb3 Ne5 12. 0-0-0 b5 13. h4 a5 14. a3 b4 15. axb4 axb4 16. Nb1 Qa5 17. h5 Qa1 18. Qxb4 Nexg4 19. fxg4 Nxg4 20. hxg6 Nxe3 21. Bxf7+ Rxf7 22. gxf7+ Kf8 23. Rdg1 Ng4 24. Rxh7 Bh6+ 25. Rxh6 Nxh6 26. Qd2 Nxf7 27. Qg2 e5 28. Nf5 Bxf5 29. exf5 Qa7 30. f6 Nh6 31. Qg6 Qe3+ 32. Nd2 Rc7 33. Rh1 Ra7 34. Qxh6+ Qxh6 35. Rxh6 Ra1+ 36. Nb1 Kf7 37. c3 d5 38. Kc2 e4 39. Rh5 Ke6 40. Nd2 e3 41. Nf3 Kxf6 42. Kd3 e2 43. Kxe2 Ra2 44. Rh6+ Kf5 45. Rb6 Ke4 46. Nd2+ Ke5 47. Rb5 Kd6 48. Nf3 Ra8 49. Kd3 Rg8 50. Nd4 Rg2 51. Rb6+ Kc7 52. Rc6+ Kb7 53. Rc5 Rg3+ 54. Kc2 Rg5 55. b4 Kb6 56. Rb5+ Ka6 57. Kb3 Rh5 58. Rc5 Kb6 59. Rc6+ Kb7 60. b5 Rh8 61. Kb4 Rd8 62. Kc5 Rh8 63. b6 Rh5 64. Rc7+ 1-0